কাঠের শ্রেণিবিন্যাস : (Record no. 47625)
[ view plain ]
| 000 -LEADER | |
|---|---|
| fixed length control field | 00857nam a2200229 a 4500 |
| 001 - CONTROL NUMBER | |
| control field | 47625 |
| 003 - CONTROL NUMBER IDENTIFIER | |
| rucl marc code | BD-RjUL |
| 005 - DATE AND TIME OF LATEST TRANSACTION | |
| control field | 20211209054344.0 |
| 008 - FIXED-LENGTH DATA ELEMENTS--GENERAL INFORMATION | |
| fixed length control field | 160809s2007 bg ||||| |||| 00| 0 ben d |
| 020 ## - INTERNATIONAL STANDARD BOOK NUMBER | |
| International Standard Book Number | 9840745891 |
| Terms of availability | : Tk. 220.00 |
| 035 ## - SYSTEM CONTROL NUMBER | |
| System control number | (BD-RjUL)47744 |
| 040 ## - CATALOGING SOURCE | |
| Original cataloging agency | BD-RjUL |
| Language of cataloging | ben |
| Transcribing agency | BD-RjUL |
| 041 ## - LANGUAGE CODE | |
| Language code of text/sound track or separate title | ben |
| 082 ## - DEWEY DECIMAL CLASSIFICATION NUMBER | |
| Edition number | 23 |
| Classification number | 575.46 |
| Author mark and year | LAK 2007 |
| 100 1# - MAIN ENTRY--PERSONAL NAME | |
| Personal name | লাহিড়ী, অরুণ কুমার |
| 9 (RLIN) | 144725 |
| 245 10 - TITLE STATEMENT | |
| Title | কাঠের শ্রেণিবিন্যাস : |
| Remainder of title | বাংলাদেশ প্রেক্ষাপট / |
| Statement of responsibility, etc. | অরুণ কুমার লাহিড়ী, |
| 260 ## - PUBLICATION, DISTRIBUTION, ETC. (IMPRINT) | |
| Place of publication, distribution, etc. | ঢাকা : |
| Name of publisher, distributor, etc. | বাংলা একাডেমী, |
| Date of publication, distribution, etc. | ২০০৭ |
| 300 ## - PHYSICAL DESCRIPTION | |
| Pagination | ২৯৬ পৃ. : |
| Illustrations | চিত্র ; |
| Size | ২২ সেমি. |
| 650 ## - SUBJECT ADDED ENTRY--TOPICAL TERM | |
| Topical term or geographic name as entry element | কাঠ |
| 9 (RLIN) | 144726 |
| Topical term or geographic name as entry element | Wood |
| 9 (RLIN) | 144727 |
| 942 ## - ADDED ENTRY ELEMENTS (KOHA) | |
| Source of classification or shelving scheme | Dewey Decimal Classification |
| Koha item type | Books |
| Lost status | Source of classification or shelving scheme | Damaged status | Not for loan | Collection code | Permanent Location | Current Location | Shelving location | Date acquired | Source of acquisition | Cost, normal purchase price | Total Checkouts | Full call number | Date last seen | Copy number | Koha item type |
|---|---|---|---|---|---|---|---|---|---|---|---|---|---|---|---|
| Dewey Decimal Classification | Non-fiction | Central Library, University of Rajshahi | Central Library, University of Rajshahi | 31/07/2012 | Bangla Academy, Dhaka | 220.00 | B 575.46 LAK 2007 | 09/08/2016 | C-2 | Books | |||||
| Dewey Decimal Classification | Non-fiction | Central Library, University of Rajshahi | Central Library, University of Rajshahi | 31/07/2012 | Bangla Academy, Dhaka. | 220.00 | B 575.46 LAK 2007 | 22/11/2016 | C-3 | Books | |||||
| Dewey Decimal Classification | Not For Loan | Non-fiction | Central Library, University of Rajshahi | Central Library, University of Rajshahi | Reading Room | 18/08/2009 | Bangla Academy, Dhaka | 220.00 | B 575.46 LAK 2007 | 03/05/2017 | C-1 | Books |